000 01355nam a2200217Ia 4500
003 Ost
005 20260507075652.0
008 260507s9999||||xx |||||||||||||| ||und||
040 _cfsecg
041 _aara
082 _a658.4052
100 _aأبو بكر، مصطفي محمود
_eمؤلف
245 0 _aالتفاوض الناجح :
_bمدخل استراتيجي سلوكي /
_c مصطفي محمود أبو بكر
260 _aالإسكندرية:
_bالدار الجامعية,
_c2005
300 _a518 صفحة؛
_bإيضاحات ؛
_c25 سم
504 _aالمراجع ص.518
520 _aمفهوم التفاوض وخصائصه- مقومات وأخلاقيات التفاوض الناجح- التخطيط والتحضير الجيد للتفاوض الناجح- الصفات والمهارات الأساسية للمفاوض الناجح- مواقف عملية لتوظيف سمات ومهارات التفاوض- استراتيجيات وتكتيكات التفاوض- استثمار الوقت وتوظيف الاسئلة في التفاوض الناجح- قضايا رئيسية ومهارات تفاوضية في خدمة العملاء- مختبرات عملية لتنمية السمات والمهارات للمفاوض الناجح.
653 _aإدارة الأعمال
653 _aالتفاوض
942 _cكتاب
999 _c45631
_d45631